000 00386nam a2200145Ia 4500
008 150201s2002 xx 000 0 und d
082 _a617
_bP2002S
100 _aSATISH CHANDRA
245 _aTEXT BOOK OF PEDODONTICS : 500 MULTIPLE CHOICE QUESTIONS
250 _a1ST
260 _bJAYPEE MEDICAL PUBLISHER
_aDELHI
_c2002
300 _a1-508
650 _aPEDODONTICS
942 _2ddc
_cBK
999 _c2828
_d2828